NCAA Basketball Champions - Sudden Death - Statistics

General Stats
  • This quiz has been taken 31 times
    30 since last reset
  • The average score is 9 of 20
Answers on the Grid
Answers color-coded by a green-red scale on the quiz's grid according to % correct below.
Michigan
Alabama
Louisville
Gonzaga
Oregon
Duke
Syracuse
Colorado
St. John's
Arkansas
Purdue
Kansas
Villanova
Kentucky
Seton Hall
UCLA
Houston
Marquette
North Carolina
Connecticut
Minnesota
Tennessee
Indiana
Clemson
San Diego State
Michigan State
NC State
Maryland
Florida
Butler
Wyoming
Baylor
 
Answer Stats
Answer % Correct
Michigan
89%
Duke
68%
Villanova
63%
Connecticut
58%
Kentucky
58%
UCLA
58%
Kansas
53%
North Carolina
53%
Florida
47%
Louisville
47%
Syracuse
47%
Indiana
42%
Oregon
42%
Michigan State
37%
Arkansas
32%
Baylor
32%
Marquette
32%
NC State
32%
Maryland
26%
Wyoming
16%
No matching quizzes found
Score Distribution
Percent of People with Each Score
Percentile by Number Answered
Your Score History
You have not taken this quiz since the last reset